000 00373nam a2200145Ia 4500
008 220610s9999 xx 000 0 und d
082 _a621.08
_bSHA
100 _a"Shah, P.J."
_9129179
245 _aEngineering Drawing
250 _a1st
260 _aAhmedabad
_bC.Jamnadas & Co.
_c1988
300 _a589 P.
_bHB
500 _aDoneted by Milind Kukade
906 _a0
_bALIED
999 _c53312
_d53312